Φιλελεύθερη έμφαση τριμηνιαίο περιοδικό του Ινστιτούτου Δημοκρατίας Κωνσταντίνος Καραμανλής
Αποθηκεύτηκε σε:
| Μορφή: | Περιοδική έκδοση |
|---|---|
| Γλώσσα: | Greek |
| Δημοσίευση: |
Αθήνα :
Κωνσταντίνος Αρβανιτόπουλος,
1999-
|
| Θέματα: | |
| Ετικέτες: |
Προσθήκη ετικέτας
Δεν υπάρχουν, Καταχωρήστε ετικέτα πρώτοι!
|
MARC
| LEADER | 00000nas a2200000 i 4500 | ||
|---|---|---|---|
| 001 | 1/57465 | ||
| 008 | 040611c19999999gr gre d | ||
| 022 | |a 11084197 | ||
| 035 | |l 10073775 | ||
| 040 | |a GR-MY-UA |b gre |e aacr | ||
| 041 | 0 | |a gre | |
| 082 | 0 | |a 505 | |
| 245 | 1 | 0 | |a Φιλελεύθερη έμφαση |h [περιοδικό] : |b τριμηνιαίο περιοδικό του Ινστιτούτου Δημοκρατίας Κωνσταντίνος Καραμανλής / |c Ινστιτούτο Δημοκρατίας Κωνσταντίνος Καραμανλής |
| 260 | |a Αθήνα : |b Κωνσταντίνος Αρβανιτόπουλος, |c 1999- | ||
| 300 | |a τχ.; |b πιν.; |c 24 εκ. | ||
| 310 | |a τριμηνιαίο | ||
| 650 | 0 | 0 | |a Periodicals |x Periodicals. |
| 853 | |a INST |b SAMOS |c SER |h 505 | ||
| 920 | |a ΙΝΣΤΙΤΟΥΤΟ ΔΗΜΟΚΡΑΤΙΑΣ ΚΩΝΣΤΑΝΤΙΝΟΣ ΚΑΡΑΜΑΝΛΗΣ |y ΣΑΜΟΣ |z 1999-01 | ||
| 970 | |a ΜΑΛΑΓΑΡΗ |b ΦΩΤΕΙΝΗ |z 2004/06/12 | ||